| 000 | 00384cam a22001572 4500 | ||
|---|---|---|---|
| 001 | 0000000579 | ||
| 005 | 20170406112721.0 | ||
| 008 | 131113s xx 000 0 eng d | ||
| 020 | _c$ | ||
| 040 |
_aYour Holding Symbol _cYour Holding Symbol |
||
| 100 | 1 | _aplato,epictetus. | |
| 245 | 1 | 4 | _aThe apology. |
| 250 | _a ed. | ||
| 300 |
_a p. ; _c cm. |
||
| 908 | _a131113 | ||
| 999 |
_c506 _d506 |
||